000 00417nam a22001697a 4500
003 CEME
005 20210628202445.0
008 210122b xxu||||| |||| 00| 0 eng d
040 _c.
082 _a511.1 NIC
100 _aNicodemi, Olympia
_959977
245 _aDiscrete mathematics
260 _aINDIA
_bCBS PUBLICATION
_c2002
300 _aXVI,491 P
650 _aDISCRETE MATHEMATICS
_959101
942 _cBK
_2ddc
999 _c569829
_d569829